| 000 | 00566 a2200181 4500 | ||
|---|---|---|---|
| 003 | NUST | ||
| 005 | 20230202130348.0 | ||
| 040 | _cNust | ||
| 082 | _a950.07,SAI | ||
| 100 |
_aSaid W,Edward _9108480 |
||
| 245 |
_a Orientalism _bwestern conceptions of the orient / _cEdward W.Said |
||
| 260 |
_aIslamabad _bNational Book Foundations |
||
| 300 | _a396 | ||
| 505 | _aThe Scope Of Orientalism (Page-31), Orientalist Structures And Restructures (Page-113), Orientalism Now (Page-201). | ||
| 600 | _aEdward w .Said | ||
| 650 |
_aOrientalism _9104485 |
||
| 942 |
_2ddc _cBK |
||
| 999 |
_c178791 _d178791 |
||